000 00625nam a2200205Ia 4500
008 220216s9999 xx 000 0 und d
100 _aChaudhuri P.S
245 0 _aImpact of age of rubber (Hevea brasiliensis) plantation on earthworm communities of West Tripura (India)
260 _bJournal of Environmental Biology
_c2013
300 _a59-65
650 _aEarthworm community
650 _aRubber plantation
650 _aTeipura
700 _aBharracharjee S
700 _aBharracharya D
700 _aChattopadhyay S
700 _aDey A
856 _uSubhalaxmi Bhattacharjee. PhD Thesis. 2013
942 _cJS
999 _c60705
_d60705